000 00412 a2200169 4500
001 131866
003 OSt
005 20211005150331.0
008
082 _a333.7
_bB81E
100 1 _aBrown, Lester R.
245 1 _aEco-economy
_cby Lester R. Brown
260 _aHydrabad
_bOrient Longman
_c2004
300 _a333p.
690 _aEnvironmental economics
942 _2ddc
_cBK
999 _c6264
_d6264